000 nam a22 7a 4500
999 _c10389
_d10389
008 180216b ||||| |||| 00| 0 eng d
100 _96343
_aCHANDRA.R
245 _aMATHEMATICS CLASS-VI
260 _aDELHI
_bAPC
_c2016